LEADER 01383nam--2200433---450- 001 990001088350203316 005 20090605091719.0 010 $a0-240-51629-X 035 $a000108835 035 $aUSA01000108835 035 $a(ALEPH)000108835USA01 035 $a000108835 100 $a20020724d1999----km-y0enga50------ba 101 0 $aeng 102 $aGN 105 $ay|||z|||001yy 200 1 $aLaw and the media$fTom Crone$grevising authors: Philip Albertstat, Tom Cassels , Estelle Overs$gwith expert contributors 205 $a4. ed 210 $aNapoli$cEditoriale scientifica$d1999 215 $aVII, 373 p.$d25 cm 606 0 $aComunicazioni di massa$xLegislazione$yGran Bretagna 676 $a343.41099 700 1$aCRONE,$bTom$0553962 702 1$aALBERSTAT,$bPHILIP 702 1$aCASSELS,$bTom 702 1$aOVERS,$bEstelle 801 0$aIT$bSalbc$cISBD 912 $a990001088350203316 951 $aXXII.1.G 33 Z(IG XXII 82)$b33705$cXXII.1.G 33 (IG XXII)$d00082656 959 $aBK 969 $aGIU 979 $aMARIA$b10$c20020724$lUSA01$h0913 979 $aCHIARA$b90$c20020923$lUSA01$h1343 979 $aCHIARA$b90$c20020923$lUSA01$h1343 979 $aCHIARA$b90$c20020923$lUSA01$h1344 979 $aPATRY$b90$c20040406$lUSA01$h1715 979 $aRSIAV2$b90$c20090605$lUSA01$h0917 996 $aLaw and the media$9978493 997 $aUNISA LEADER 02270nas 2200649-a 450 001 9910895710703321 005 20260218111203.0 035 $a(DE-599)ZDB2825014-X 035 $a(CKB)110978979777397 035 $a(CONSER)sn-89025895- 035 $a(DE-599)2825014-X 035 $a(EXLCZ)99110978979777397 100 $a20750921b19492009 -f- a 101 0 $aeng 181 $ctxt$2rdacontent 182 $cc$2rdamedia 183 $acr$2rdacarrier 200 10$aAnnual report /$fEconomic Commission for Europe 210 $aNew York $cUnited Nations$d1950-2009 215 $a1 online resource 225 1 $a1949/50-1976/77: Official records. Supplement / United Nations, Economic and Social Council$l(HC59.A193) 225 1 $a1977/78-2007/09: Official records. Supplement / Economic and Social Council 300 $aTitle from cover. 300 $a"United Nations publication sales no." 300 $aIssued with United Nations document numbers E and E/ECE. 311 08$aPrint version: Annual report / 0251-0197 (DLC)sn 89025895 (OCoLC)1642436 410 0$aOfficial records (United Nations. Economic and Social Council).$pSupplement. 410 0$aOfficial records.$pSupplement (United Nations. Economic and Social Council) 606 $aEcosoc$2eurovocen 606 $aEurope$2eurovocen 606 $aeconomic situation$2eurovocen 606 $aactivity report$2eurovocen 606 $aEcosoc$2eurovocfr 606 $aEurope$2eurovocfr 606 $asituation économique$2eurovocfr 606 $arapport d'activité$2eurovocfr 606 $aEconomic history$2fast$3(OCoLC)fst00901974 606 $aEconomische situatie$2gtt 607 $aEurope$xEconomic conditions$y1945-$vPeriodicals 607 $aEurope$2fast 608 $aPeriodicals.$2fast 615 7$aEcosoc. 615 7$aEurope. 615 7$aeconomic situation. 615 7$aactivity report. 615 7$aEcosoc. 615 7$aEurope. 615 7$asituation économique. 615 7$arapport d'activité. 615 7$aEconomic history. 615 17$aEconomische situatie. 676 $a330.94 906 $aJOURNAL 912 $a9910895710703321 920 $aexl_impl conversion 996 $aAnnual report$9162222 997 $aUNINA